=LDR 00000nam 2200000 4500 =001 INLIS000000000023409 =005 20130612122058 =008 ***********************************Ind** =035 ##$$0010-061300000023409 =041 ##$$a Ind =082 ##$$a 739.15 =090 ##$$a 739.15, Pid-p =100 ##$$a Pidarta, Made =245 ##$$a Pemikiran tentang supervisi pendidikan, Made Pidarta =260 ##$$a 1992 $b Jakarta =300 ##$$a xii, 370 hlm., 21 cm =650 ##$$a Supervisi terhadap pengajaran =850 ##$$a NBPNMAT